Football Teams Kurt Zouma Played For - Statistics

General Stats
  • This quiz has been taken 35 times
  • The average score is 5 of 6
Answer Stats
League Years Team % Correct
England 2014-2017 Chelsea FC
97%
England 2019-2021 Chelsea FC
97%
England 2021- West Ham United
94%
England 2018-2019 Everton FC
68%
France 2011-2014 AS Saint-Étienne
55%
England 2017-2018 Stoke City
45%
No matching quizzes found
Score Distribution
Percent of People with Each Score
Percentile by Number Answered
Your Score History
You have not taken this quiz